000 00440cam a22001217a 4500
008 180718b1960 xxu||||| |||| 00| 0 eng d
082 _aT471x73 Un3f
100 _aPizar ,Samuel
245 _aU.S. business investments in foreign countries : a supplement to the survey of current business
_cby Samuel Pizar And Frederick Cutler
260 _aWashington
_bU.S.Governm,ent Printing Office
_c1960
300 _a147+p.
700 _aCutler,Frederick
999 _c424084
_d424084